000 01305nam a2200265Ia 4500
003 Ost
005 20260512112804.0
008 260507s9999||||xx |||||||||||||| ||und||
040 _cfsecg
041 _aara
082 _a332.4
100 _aسيجل، باري
_eمؤلف
245 0 _aالنقود والبنوك والإقتصاد :
_bوجهة نظر النقديين /
_c باري سيجل
260 _aالرياض:
_bدار المريخ,
_c1987
300 _a778 صفحة؛
_bإيضاحات ؛
_c24 سم
520 _aالنقود ومشاكل الاقتصاد النقدي، الأسواق المالية والمؤسسات المالية، عملية عرض النقود، البنك المركزي، استراتيجية السياسة النقدية، سعر الفائدة ونظرية الدخل، التضخم: الأسباب والنتائج، وجهات نظر جديدة عن سياسات الاستقرار.
653 _aالأسواق المالية
653 _aالإقتصاد المالي
653 _aالبنوك
653 _aالتضخم
653 _aالنقود
700 _aعبد المجيد، عبد الفتاح عبد الرحمان
_eمؤلف ثانوي
700 _aمنصور، طه عبد الله
_eمؤلف ثانوي
942 _cكتاب
_2ddc
999 _c45748
_d45748